000
00330nam a22001577a 4500
003
SGT
020
_a
9789350354896
082
_a
347.095 4,BAN
100
_a
BANSAL,A.K.
245
_a
ARBITRATION AWARDS
250
_a
3RD
260
_a
NEW DELHI
_b
UNIVERSAL
_c
2014
300
_a
580
650
_a
ARBITRATION
942
_2
ddc
_c
BK
999
_c
10938
_d
10938